| 000 | 00536nam a22001937a 4500 | ||
|---|---|---|---|
| 005 | 20210303121750.0 | ||
| 008 | Español | ||
| 041 | _aspa | ||
| 082 | _aTU 111 | ||
| 100 |
_aSoto Ugalde, Kelly Rebeca _959797 |
||
| 245 | _aInforme de práctica supervisada realizada en la Oficina de Turismo de Cartago | ||
| 260 | _c2019 | ||
| 300 | _a27 páginas | ||
| 650 |
_aCOSTA RICA _959811 |
||
| 650 |
_aOFICINA DE TURISMO DE CARTAGO _959799 |
||
| 650 |
_aHISTORIA DE CARTAGO _959800 |
||
| 650 |
_aATRACTIVOS TURÍSTICOS _95394 |
||
| 942 | _cIP | ||
| 999 |
_c12924 _d12924 |
||